HSV-Kader 24/25 - Statistiken

Allgemein
  • Dieses Quiz wurde 892 mal gespielt
    167 seit der letzten Aktualisierung
  • Das Durchschnittsergebnis liegt bei 24 aus 35
Antwortstatistiken
Position # Spieler % Korrekt
ST 9 Robert Glatzel
99%
TW 1 Daniel Heuer Fernandes
98%
ST 27 Davie Selke
97%
LF 7 Jean-Luc Dompé
97%
LV 28 Miro Muheim
93%
ST 11 Ransford-Yeboah Königsdörffer
93%
ZM 14 Ludovit Reis
91%
ST 49 Otto Stange
89%
IV 4 Sebastian Schonlau
89%
TW 12 Tom Mickel
89%
RF 18 Bakery Jatta
87%
ZDM 23 Jonas Meffert
84%
ZDM 8 Daniel Elfadli
81%
TW 19 Matheo Raab
81%
RV 2 William Mikelbrencis
80%
ZOM 10 Immanuël Pherai
77%
LF 45 Fabio Baldé
76%
RV 30 Silvan Hefti
76%
RF 29 Emir Sahiti
75%
LV 33 Noah Katterbach
75%
ZM 6 Lukasz Poreba
72%
ZOM 17 Adam Karabec
66%
IV 5 Dennis Hadzikadunić
66%
TW 40 Hannes Hermann
61%
LF 38 Alexander Røssing-Lelesiit
51%
ZOM 20 Marco Richter
50%
IV 22 Aboubaka Soumahoro
45%
ZM 36 Anssi Suhonen
45%
LV 47 Nicolas Oliveira
43%
ZOM 48 Bilal Yalçinkaya
40%
RV 3 Moritz Heyer
40%
ZOM 21 Levin Öztunali
37%
RF 16 Adedire Mebude
36%
IV 24 Lucas Perrin
28%
IV 37 Valon Zumberi
23%
Keine übereinstimmenden Quizze gefunden
Verteilung der Resultate
Anzahl Personen mit jedem Resultat
Perzentil nach korrekt beantworteten Fragen
Ihre Resultats-Entwicklung
Sie haben dieses Quiz seit der letzten Aktualisierung nicht gespielt